Statistics for Countries with Most Cows by Continent

Click here to take the quiz!

General Stats

  • This quiz has been taken 88 times
  • The average score is 24 of 36

Answer Stats

Country% Correct
Australia
95%
Australia
95%
Brazil
94%
United States
94%
Argentina
93%
Mexico
93%
New Zealand
93%
New Zealand
93%
New Zealand
93%
China
90%
Russia
88%
India
87%
India
87%
France
86%
Paraguay
72%
Paraguay
72%
Uruguay
72%
Uruguay
72%
Ethiopia
67%
Ethiopia
67%
Ireland
60%
Ireland
60%
Tanzania
60%
Panama
59%
Colombia
53%
Dominican Republic
51%
Haiti
49%
Netherlands
48%
Nicaragua
48%
Bangladesh
42%
Uganda
39%
Micronesia
31%
Mongolia
30%
Namibia
29%
Belarus
18%
Central African Republic
18%

Score Distribution

Percentile by Number Answered

Percent of People with Each Score

Your Score History

You have not taken this quiz